000 00483nam a2200181Ia 4500
005 20250508150724.0
008 008 250505s9999 xx 000 0 eng d
037 _aTextual
040 _aFEDL
_beng
_cFEDL
041 _aeng
_2eng
084 _a420.7, CUR
_qFEDL
100 _aCurtis S J
_984117
245 0 _aEnglish selection tests
260 _aLondon, UK
_bE J Arnold and Sons Ltd.
300 _a63p.
942 _cTEXL
_h420.7, CUR
999 _c1325274
_d1325274